Angielskie imiona w średniowieczu - Statystyki

Ogólne statystyki
  • Ten quiz został rozwiązany 38 razy
  • Średni wynik to 6 z 19
Statystyki odpowiedzi
% Odpowiedź % Poprawnych
9,2 Anne
66%
29,7 John
59%
3,4 Henry
53%
3,4 Mary
53%
13,8 William
53%
14,9 Elizabeth
41%
6,4 Robert
34%
3,0 Katherine
31%
11,1 Margaret
31%
3,0 Jane
28%
14,2 Thomas
28%
1,9 Edward
25%
11,4 Joan
22%
7,3 Richard
19%
7,9 Alice
13%
5,9 Agnes
6%
4,1 Isabel
3%
2,6 Nicholas
3%
1,7 Walter
3%
Nie znaleziono quizów pasujących do podanych kryteriów
Rozkład punktacji
Procent ludzi z każdym wynikiem
Percentyl według liczby udzielonych odpowiedzi
Twoja historia wyników
Nie rozwiązałeś tego quizu